Secondary and Primary Colors in 15 Seconds - Statistics

General Stats
  • This quiz has been taken 21 times
  • The average score is 5 of 6
Answer Stats
Color % Correct
Green
100%
Blue
93%
Red
93%
Yellow
93%
Orange
86%
Violet
71%
No matching quizzes found
Score Distribution
Percent of People with Each Score
Percentile by Number Answered
Your Score History
You have not taken this quiz